000 00922cab a2200301 4500
001 WB2908-55
008 090401t1993 xxu||||| |||| 00| 0 eng d
035 _a(Sirsi) u59342
041 _aeng
245 _aEC regional aid
260 _c1993
350 _a0
490 _aFinancial Times
_v25 February 1993, 8&24
490 _aIndependent
_v25 February 1993, 1
490 _aGuardian
_v25 February 1993, 2
520 _aScottish Highlands and Merseyside are on the list of regions to be considered for extra EC funding under the Objective One criteria at the European Council of Ministers in June.
650 _aEC FUNDING
650 _aEC STRUCTURAL FUNDS
650 _aGRANTS
650 _aMERSEYSIDE
650 _aREGIONAL POLICY
650 _aSCOTTISH HIGHLANDS
650 _aSTRUCTURAL FUNDS
690 _aEUROPE-SINGLE MARKET
690 _aURBAN RENEWAL
942 _n0
948 _c04/03/1997
999 _c36408
_d36408